000
00189nam a22000857a 4500
008
170526b xxu||||| |||| 00| 0 eng d
100
_9
3119
_a
Davis.T.
245
_a
Priceless
260
_a
USA
_c
2010
999
_c
6406
_d
6406